Statistiques concernant Inventeurs de fiction

Cliquez ici pour prendre le quiz!

Statistiques générales

  • Ce quiz a été pris 13 fois
  • Le résultat moyen est 10 sur 30

Statistiques - réponses

DescriptionNom de l'inventeur% Correct
Inventeur de la potion magique
(Astérix)
Panoramix
92%
Inventeur du pistogel
(Moi, moche et méchant)
Gru
85%
Créateur de l'Anneau Unique
(Le Seigneur des Anneaux)
Sauron
85%
Inventeur du Gant d'infinité (Marvel)Thanos
85%
Créateur de C3PO (Star Wars)Anakin Skywalker
69%
Créateur de Metal Sonic (Sonic)Dr Eggman
54%
Créatrice de la baguette de sureau
(Harry Potter)
La Mort
54%
Inventeur du Pokédex (Pokémon)Professeur Chen
46%
Inventeur du sort Sectumsempra
(Harry Potter)
Severus Rogue
46%
Créateur d'Ultron (Marvel)Tony Stark
46%
Créateur des Pacifista (One Piece)Vegapunk
46%
Inventeur du chocovol
(Wonka)
Willy Wonka
46%
Créatrice de la magie de la Loi des
Fées (Fairy Tail)
Mavis
38%
Créateur du pistolet à Antimatière
(Rick et Morty)
Rick Sanchez
38%
Inventeur du jutsu de la réincarnation
des âmes (Naruto)
Tobirama
38%
Inventeur de la machine à remonter
dans le temps à partir d'une
DeLorean (Retour vers le futur)
Doc Brown
31%
Inventeur du Nautilus
(Vingt Mille Lieues sous les mers)
Capitaine Nemo
23%
Inventeur du Nautilus
(Vingt Mille Lieues sous les mers)
Capitaine Nemo
23%
Créateur de Cell (Dragon Ball)Dr Gero
23%
Créateur de Filament (Picsou)Géo Trouvetou
23%
Créateur de Stich
(Lilo et Stich)
Dr Jumba Jookiba
15%
Inventeur du X1
(Spirou et Fantasio)
Comte de Champignac
8%
Créateur de Crash Bandicoot
(Crash Bandicoot)
Dr Neo Cortex
8%
Créateur de la potion qui
permet de voyager à travers les
couloirs du temps
(Les Visiteurs)
Eusæbius
8%
Créateur de la machine à
transformer l'au en nourriture
(Tempête de boulettes géantes)
Flint Lockwood
8%
Créateur des Daleks (Doctor Who)Davros
0%
Créateur de Lyoko (Code Lyoko)Franz Hopper
0%
Créateur de l'épée Dragon Slayer
(Berserk)
Godot
0%
Créateurs de la porte des étoiles
(Stargate)
Les Anciens
0%
Inventeur du coolomètre
(Futurama)
Professeur Hubert Farnsworth
0%

Distribution des résultats

Percentile par nombre de réponses

% des personnes avec chaque résultat

Votre développement - résultats

Vous n’avez pas pris ce quiz